[Event "BL 0607 SF Berlin - SV Mülheim Nord"]
[Site "?"]
[Date "2006.10.28"]
[Round "1.5"]
[White "Levin, Felix"]
[Black "Borriss, Martin Dr"]
[Result "1-0"]
[WhiteElo "2513"]
[BlackElo "2455"]
[PlyCount "115"]
[EventDate "2006.??.??"]

1. d4 Nf6 2. c4 g6 3. Nc3 Bg7 4. e4 d6 5. Nf3 O-O 6. Be2 e5 7. Be3 Ng4 8. Bg5
f6 9. Bc1 Nc6 10. d5 Ne7 11. h3 Nh6 12. h4 Nf7 13. h5 f5 14. hxg6 Nxg6 15. Qc2
Nf4 16. Bxf4 exf4 17. exf5 Nh6 18. O-O-O Nxf5 19. Bd3 h6 20. Ne2 Be5 21. Rh5
Qf6 22. Rdh1 Bd7 23. Nxe5 dxe5 24. g4 fxg3 25. Nxg3 Nxg3 26. fxg3 e4 27. Bxe4
Qf1+ 28. Rxf1 Rxf1+ 29. Kd2 Rf2+ 30. Ke3 Rxc2 31. Bxc2 Re8+ 32. Be4 Kg7 33. Kf4
b6 34. Re5 Rf8+ 35. Bf5 Rf7 36. Ke4 Kf6 37. Bxd7 Rxd7 38. Kf4 Rd6 39. b4 c6 40.
Rf5+ Ke7 41. c5 bxc5 42. bxc5 Rg6 43. d6+ Ke8 44. g4 a5 45. a4 Rg7 46. Kg3 Rb7
47. Re5+ Kd8 48. Re6 Rb3+ 49. Kf4 Rc3 50. Rxh6 Rxc5 51. g5 Kd7 52. g6 Rc1 53.
Rh3 Rg1 54. Rg3 Rf1+ 55. Ke5 Re1+ 56. Kd4 Re8 57. g7 Rg8 58. Kc5 1-0

[Event "BL 0607 SF Berlin - SV Mülheim Nord"]
[Site "?"]
[Date "2006.10.28"]
[Round "1.7"]
[White "Hausrath, Daniel"]
[Black "Kraemer, Martin"]
[Result "1-0"]
[WhiteElo "2529"]
[BlackElo "2435"]
[PlyCount "71"]
[EventDate "2006.??.??"]

1. Nf3 Nf6 2. g3 d5 3. Bg2 c6 4. c4 Bg4 5. Ne5 Be6 6. cxd5 Bxd5 7. Nf3 c5 8.
Nc3 Bc6 9. O-O e6 10. d3 Be7 11. e4 Nbd7 12. Qe2 e5 13. Nh4 O-O 14. Nf5 Re8 15.
f4 Bf8 16. b3 b5 17. Bb2 Qb6 18. Kh1 Rad8 19. Rad1 b4 20. Nb1 Qa6 21. Qc2 exf4
22. gxf4 Qxa2 23. Nd2 Qa5 24. Nc4 Qc7 25. Qf2 g6 26. Qh4 gxf5 27. Rg1 Bg7 28.
Bh3 Kf8 29. Rxg7 Kxg7 30. Bxf5 Kf8 31. Rg1 Re6 32. Bxe6 Nxe4 33. Rg8+ Kxg8 34.
dxe4 Bxe4+ 35. Kg1 Nf8 36. Qf6 1-0

[Event "BL 0607 SF Berlin - SV Mülheim Nord"]
[Site "?"]
[Date "2006.10.28"]
[Round "1.8"]
[White "Schneider, Ilja"]
[Black "Schebler, Gerhard"]
[Result "1-0"]
[WhiteElo "2368"]
[BlackElo "2535"]
[PlyCount "63"]
[EventDate "2006.??.??"]

1. d4 e6 2. e4 d5 3. Nc3 Nc6 4. Nf3 Nf6 5. Bg5 Be7 6. Bxf6 Bxf6 7. Bb5 O-O 8.
O-O Kh8 9. exd5 exd5 10. Bxc6 bxc6 11. Qd3 Qd6 12. Rfe1 g6 13. Na4 Bg7 14. Qc3
Bf5 15. Ne5 f6 16. Nd3 h5 17. Nac5 Rab8 18. Re2 Rfe8 19. Nb7 Qd7 20. Ndc5 Qf7
21. Rae1 Bf8 22. b3 h4 23. h3 Rxe2 24. Rxe2 Re8 25. Qe1 Rxe2 26. Qxe2 Be7 27.
Qa6 Qe8 28. Qxa7 Bxc2 29. Qa5 Bxc5 30. Nxc5 Qe2 31. Qxc7 Bf5 32. a4 1-0

[Event "BL 0607 SG Porz - SC Kreuzberg"]
[Site "?"]
[Date "2006.10.29"]
[Round "2.3"]
[White "Socko, Bartosz"]
[Black "Graf, Alexander"]
[Result "1-0"]
[WhiteElo "2621"]
[BlackElo "2583"]
[PlyCount "131"]
[EventDate "2006.??.??"]

1. e4 e5 2. Nf3 Nc6 3. Bb5 a6 4. Bxc6 dxc6 5. O-O f6 6. d4 exd4 7. Nxd4 c5 8.
Ne2 Qxd1 9. Rxd1 Bd7 10. Nbc3 O-O-O 11. Be3 Re8 12. Rd2 Bc6 13. Rad1 b6 14. f3
Ne7 15. Nf4 Ng6 16. Nxg6 hxg6 17. Bf4 g5 18. Bg3 Be7 19. Nd5 Bd8 20. Ne3 g6 21.
Bf2 Rh7 22. g4 f5 23. gxf5 gxf5 24. Nxf5 Bf6 25. Nd6+ cxd6 26. Rxd6 Bxe4 27.
Rxf6 Bxc2 28. Rd2 Bb1 29. Rxb6 Rd7 30. Rxd7 Kxd7 31. Bxc5 Bxa2 32. Rxa6 Bb3 33.
Rb6 Ba4 34. Rd6+ Kc7 35. Rg6 Re2 36. b4 Bc6 37. Rg7+ Kc8 38. Rxg5 Bxf3 39. h4
Kd7 40. h5 Kc6 41. h6 Be4 42. Re5 Rg2+ 43. Kf1 Rg4 44. b5+ Kxb5 45. Be7+ Kc6
46. Rxe4 Rxe4 47. h7 Rxe7 48. h8=Q Re6 49. Kf2 Kd5 50. Kf3 Rc6 51. Qa8 Kd6 52.
Ke4 Rb6 53. Qf8+ Kc6 54. Kd4 Kb7 55. Kc5 Rc6+ 56. Kd5 Rc7 57. Qe8 Ka7 58. Qb5
Rh7 59. Qb2 Rb7 60. Qd4+ Kb8 61. Kc6 Ka8 62. Qa1+ Kb8 63. Qa5 Rb3 64. Qd8+ Ka7
65. Qd4+ Kb8 66. Qf4+ 1-0

[Event "BL 0607 SG Porz - SC Kreuzberg"]
[Site "?"]
[Date "2006.10.29"]
[Round "2.6"]
[White "Hansen, Curt"]
[Black "Tischbierek, Raj"]
[Result "1-0"]
[WhiteElo "2625"]
[BlackElo "2486"]
[PlyCount "58"]
[EventDate "2006.??.??"]

1. d4 d5 2. c4 c6 3. Nc3 Nf6 4. e3 Bf5 5. Nf3 e6 6. Nh4 Bg6 7. Nxg6 hxg6 8. g3
Nbd7 9. Bd2 dxc4 10. Bxc4 Be7 11. Qc2 e5 12. dxe5 Nxe5 13. Be2 Qd7 14. O-O-O
O-O-O 15. Kb1 Qe6 16. h4 Nfg4 17. Rhf1 Nh2 18. Rh1 Nhg4 19. Rdf1 f5 20. e4 Bc5
21. f3 Ne3 22. Bxe3 Bxe3 23. Rd1 Rxd1+ 24. Rxd1 Rd8 25. f4 Nd7 26. exf5 Qxf5
27. Bd3 Qg4 28. Bxg6 Qxg3 29. Bf5 Qxh4 1-0

[Event "BL 0607 SG Porz - SC Kreuzberg"]
[Site "?"]
[Date "2006.10.29"]
[Round "2.7"]
[White "Loeffler, Stefan"]
[Black "van den Doel, Erik"]
[Result "0-1"]
[WhiteElo "2463"]
[BlackElo "2577"]
[PlyCount "66"]
[EventDate "2006.??.??"]

1. d4 Nf6 2. c4 e6 3. Nf3 b6 4. g3 Ba6 5. b3 Bb4+ 6. Bd2 Be7 7. Nc3 O-O 8. e4
d5 9. Bd3 dxe4 10. Nxe4 Nbd7 11. Qe2 c5 12. dxc5 Nxc5 13. Nxc5 Bxc5 14. Bc3 Bb7
15. O-O e5 16. Rfd1 Qc8 17. b4 e4 18. Bxf6 exd3 19. Qxd3 Bxb4 20. Ng5 g6 21.
Qd7 Qc6 22. Qxc6 Bxc6 23. f3 Rfe8 24. Kf2 h6 25. Nh3 Re6 26. Bd4 Rd8 27. Be3
Rde8 28. Rd3 g5 29. Rad1 Bb7 30. Bd2 Bc5+ 31. Kf1 Ba6 32. Rc3 Re2 33. Re1 Rxe1+
0-1

[Event "BL 0607 SG Porz - SC Kreuzberg"]
[Site "?"]
[Date "2006.10.29"]
[Round "2.8"]
[White "Kritz, Leonid"]
[Black "Paehtz, Elisabeth"]
[Result "1/2-1/2"]
[WhiteElo "2578"]
[BlackElo "2456"]
[PlyCount "94"]
[EventDate "2006.??.??"]

1. e4 c5 2. Nf3 Nf6 3. Nc3 d5 4. e5 Nfd7 5. Nxd5 Nxe5 6. Ne3 Nxf3+ 7. Qxf3 Nc6
8. Bc4 e6 9. Qg3 a6 10. c3 g6 11. O-O Bg7 12. f4 O-O 13. Be2 Ne7 14. d3 b6 15.
Bd2 Bb7 16. Rad1 Qc7 17. Qh4 Kh8 18. Nc4 Rad8 19. Ne5 Kg8 20. Rfe1 Nc6 21. Nf3
Ne7 22. Bc1 Bd5 23. c4 Bxf3 24. Bxf3 Nf5 25. Qh3 Nd4 26. Be4 b5 27. g4 f5 28.
gxf5 gxf5 29. Bf3 Rf6 30. Kh1 Rh6 31. Qg2 Kh8 32. Rg1 Rg8 33. Qf2 b4 34. b3 Qe7
35. Rg5 Bf6 36. Rxg8+ Kxg8 37. Rg1+ Rg6 38. Be3 Rxg1+ 39. Qxg1+ Qg7 40. Qxg7+
Kxg7 41. Kg2 a5 42. Bd1 Kf7 43. Kg3 Ke7 44. Bf2 Kd6 45. Be3 Nc6 46. Bf3 Bd4 47.
Bc1 Nd8 1/2-1/2

[Event "BL 0607 SC Remagen - SK König Tegel"]
[Site "?"]
[Date "2006.10.29"]
[Round "2.1"]
[White "Rabiega, Robert"]
[Black "Ivanchuk, Vassili"]
[Result "1/2-1/2"]
[WhiteElo "2524"]
[BlackElo "2741"]
[PlyCount "97"]
[EventDate "2006.??.??"]

1. e4 c5 2. c3 Nf6 3. e5 Nd5 4. d4 cxd4 5. Nf3 d6 6. Qxd4 e6 7. Bb5+ Bd7 8.
Bxd7+ Nxd7 9. exd6 Qb6 10. Nbd2 Qxd4 11. Nxd4 Bxd6 12. Ne4 Be7 13. Bg5 f6 14.
Bd2 Kf7 15. c4 Nb4 16. Ke2 Rhd8 17. Rhd1 Nc5 18. Bxb4 Nxe4 19. Bxe7 Kxe7 20. f3
Nc5 21. b3 Rac8 22. Nb5 a6 23. Nc3 Rxd1 24. Rxd1 Nd7 25. Kd2 h5 26. f4 h4 27.
h3 b6 28. Re1 g6 29. Ne2 Kd6 30. Ke3 b5 31. Rd1+ Ke7 32. cxb5 axb5 33. Rc1 Ra8
34. Rc2 Nb6 35. Nd4 Nd5+ 36. Kf3 b4 37. Rc4 Rxa2 38. Nc6+ Kd6 39. Nxb4 Rb2 40.
Nxd5 exd5 41. Rb4 f5 42. Rb6+ Kc5 43. Rxg6 Rxb3+ 44. Ke2 Rb2+ 45. Kf3 Rb1 46.
Ke2 Kd4 47. Re6 Rb2+ 48. Kf3 Rb3+ 49. Kf2 1/2-1/2

[Event "BL 0607 SC Remagen - SK König Tegel"]
[Site "?"]
[Date "2006.10.29"]
[Round "2.2"]
[White "Fedorchuk, Sergey"]
[Black "Stern, Rene"]
[Result "1-0"]
[WhiteElo "2599"]
[BlackElo "2465"]
[PlyCount "107"]
[EventDate "2006.??.??"]

1. e4 e5 2. Nf3 Nc6 3. Bb5 a6 4. Ba4 Nf6 5. O-O Be7 6. Re1 b5 7. Bb3 O-O 8. h3
Bb7 9. d3 d6 10. a3 Qd7 11. Nc3 Nd8 12. d4 exd4 13. Nxd4 Re8 14. Nf5 Ne6 15.
Qf3 c5 16. Nd5 Nxd5 17. exd5 Nd4 18. Nxd4 cxd4 19. Bf4 Bf6 20. Qg3 Qf5 21. Qg4
Qxg4 22. hxg4 Be5 23. Bd2 h6 24. a4 g5 25. g3 Kg7 26. Kg2 Rec8 27. axb5 axb5
28. Rxa8 Rxa8 29. f4 Bf6 30. Bb4 Rd8 31. Kf3 Bc8 32. Ba5 Rh8 33. Bc7 Bb7 34.
Bxd6 Rd8 35. Be5 Bxd5+ 36. Bxd5 Rxd5 37. Ke4 Rc5 38. Kd3 Kg6 39. f5+ Kg7 40.
Bxf6+ Kxf6 41. Re4 h5 42. gxh5 Kxf5 43. g4+ Kf6 44. Rxd4 Ke6 45. Re4+ Kd6 46.
Re8 Rc7 47. Rb8 Ke5 48. h6 f5 49. Rxb5+ Kf4 50. Rxf5+ Kxg4 51. Rf1 Rh7 52. c4
Rxh6 53. c5 Kg3 54. b4 1-0

[Event "BL 0607 SC Remagen - SK König Tegel"]
[Site "?"]
[Date "2006.10.29"]
[Round "2.3"]
[White "Muse, Mladen"]
[Black "Degraeve, Jean-Marc"]
[Result "1-0"]
[WhiteElo "2443"]
[BlackElo "2551"]
[PlyCount "75"]
[EventDate "2006.??.??"]

1. Nf3 Nf6 2. g3 g6 3. b3 Bg7 4. Bb2 d6 5. d4 Ne4 6. Nbd2 Nxd2 7. Qxd2 c5 8. c4
cxd4 9. Nxd4 O-O 10. Bg2 Qb6 11. O-O Bd7 12. Rac1 a5 13. Bc3 Re8 14. Qb2 a4 15.
Nb5 Bxc3 16. Nxc3 Bc6 17. Rfd1 axb3 18. axb3 Na6 19. Nd5 Bxd5 20. Rxd5 Nc7 21.
Rd4 Ra7 22. h4 Ne6 23. Re4 Nc5 24. Re3 Qb4 25. h5 Ra3 26. h6 e5 27. Qd4 Ne6 28.
Qh4 Rxb3 29. Rxb3 Qxb3 30. Qf6 Qb6 31. Bd5 Qd8 32. Qf3 Qg5 33. Rb1 Qxh6 34.
Rxb7 Qf8 35. Qf6 Qg7 36. Qf3 h5 37. Rd7 Qf8 38. Qf6 1-0

[Event "BL 0607 SC Remagen - SK König Tegel"]
[Site "?"]
[Date "2006.10.29"]
[Round "2.5"]
[White "Tomczak, Rainer"]
[Black "Bindrich, Falko"]
[Result "0-1"]
[WhiteElo "2323"]
[BlackElo "2482"]
[PlyCount "78"]
[EventDate "2006.??.??"]

1. e4 e5 2. Nf3 Nc6 3. Nc3 Nf6 4. d4 exd4 5. Nxd4 Bb4 6. Nxc6 bxc6 7. Bd3 d5 8.
exd5 cxd5 9. O-O O-O 10. Bg5 c6 11. Ne2 Bd6 12. Nd4 Bd7 13. Re1 Rb8 14. Rb1 Re8
15. Rxe8+ Bxe8 16. Qf3 Be5 17. Bxh7+ Kh8 18. Qh3 Bxd4 19. Re1 Bxf2+ 20. Kxf2
Qb6+ 21. Be3 Qxb2 22. Bf5+ Kg8 23. Bxa7 Ra8 24. Bc5 Bd7 25. Kg1 Bxf5 26. Qxf5
Qc3 27. Bf2 Ne4 28. Rf1 Rf8 29. Bh4 Qd4+ 30. Bf2 Qc4 31. Be3 Qxc2 32. Bd4 Qd3
33. Qe5 f6 34. Qe6+ Kh8 35. Bb6 c5 36. g3 Ng5 37. Qd7 Qd4+ 38. Kh1 Qe4+ 39. Kg1
f5 0-1

[Event "BL 0607 SC Remagen - SK König Tegel"]
[Site "?"]
[Date "2006.10.29"]
[Round "2.6"]
[White "Belkhodja, Slim"]
[Black "von Herman, Ulf"]
[Result "1-0"]
[WhiteElo "2475"]
[BlackElo "2364"]
[PlyCount "72"]
[EventDate "2006.??.??"]

1. e4 c6 2. d4 d5 3. exd5 cxd5 4. c4 Nf6 5. Nc3 e6 6. Nf3 Bb4 7. cxd5 Nxd5 8.
Bd2 Nc6 9. Bd3 Be7 10. O-O O-O 11. Qe2 Nf6 12. Be3 Nb4 13. Bc4 Bd7 14. Ne5 Bc6
15. Rad1 Bd5 16. Nxd5 Nfxd5 17. Bc1 Qd6 18. a3 Nc6 19. Rd3 Bf6 20. Nxc6 bxc6
21. Qe4 Rfd8 22. Rfd1 Rd7 23. h4 Rad8 24. h5 Qe7 25. h6 g6 26. Bb3 Bg5 27. Qe5
Bf6 28. Qg3 Bh4 29. Qg4 Bf6 30. Bd2 Rd6 31. Rc1 Qb7 32. Qf3 Bh8 33. Bg5 Re8 34.
Rc5 f6 35. Bd2 Kf7 36. g3 Rg8 {ZUE} 1-0

[Event "BL 0607 SC Remagen - SK König Tegel"]
[Site "?"]
[Date "2006.10.29"]
[Round "2.7"]
[White "Sarbok, Torsten"]
[Black "Mainka, Romuald"]
[Result "0-1"]
[WhiteElo "2325"]
[BlackElo "2485"]
[PlyCount "132"]
[EventDate "2006.??.??"]

1. e4 c5 2. Nf3 e6 3. d4 cxd4 4. Nxd4 a6 5. Bd3 Nf6 6. O-O Qc7 7. Qe2 d6 8. c4
g6 9. Nc3 Bg7 10. Be3 O-O 11. Rac1 Nbd7 12. b3 b6 13. Rfd1 Bb7 14. Bb1 Rad8 15.
h3 Qb8 16. Nf3 Nc5 17. Bf4 e5 18. Bg5 a5 19. Qe3 Rd7 20. Rd2 Qa8 21. Re1 Bc6
22. Bc2 Qb8 23. a4 Ne8 24. Nh4 Nc7 25. Bh6 Qd8 26. Bxg7 Kxg7 27. Qg3 Kh8 28. f4
exf4 29. Qf2 Re8 30. Nf3 Qf6 31. Qd4 Qxd4+ 32. Nxd4 Bb7 33. Kf1 N7a6 34. Ndb5
Nb4 35. Bb1 Red8 36. Nd4 Re7 37. h4 h5 38. Ree2 Rde8 39. Ndb5 Nxb3 40. Rd1 Rd7
41. Nxd6 Ree7 42. Rf2 Nc5 43. Rxf4 Bc6 44. Nc8 Re6 45. Rd5 Nxa4 46. Nxa4 Bxa4
47. Rxd7 Bxd7 48. Rxf7 Bxc8 49. Rf8+ Kg7 50. Rxc8 Rc6 51. Rxc6 Nxc6 52. Bc2 Kf6
53. Kf2 Nb4 54. Ba4 Na6 55. Ke3 Nc5 56. Be8 a4 57. Kd4 a3 58. Kc3 Nxe4+ 59. Kb3
Nd2+ 60. Kxa3 Nxc4+ 61. Kb4 Nd6 62. Bc6 Kf5 63. Kc3 Kg4 64. Kd4 Kf4 65. Kd5 Nf5
66. Ke6 Nd4+ 0-1

[Event "BL 0607 SC Remagen - SK König Tegel"]
[Site "?"]
[Date "2006.10.29"]
[Round "2.8"]
[White "Boidman, Yuri"]
[Black "Pachow, Joerg"]
[Result "1-0"]
[WhiteElo "2438"]
[BlackElo "2290"]
[PlyCount "83"]
[EventDate "2006.??.??"]

1. Nf3 Nf6 2. d4 g6 3. c4 Bg7 4. Nc3 O-O 5. Bf4 d6 6. e3 c6 7. Be2 a6 8. h3 b5
9. O-O bxc4 10. Bxc4 Nbd7 11. Rc1 Nb6 12. Bb3 Nbd5 13. Nxd5 cxd5 14. Bg5 Qa5
15. Qd2 Qb5 16. Rc7 a5 17. Bxf6 Bxf6 18. Rfc1 a4 19. Bd1 Ba6 20. Nh2 e5 21.
dxe5 Bxe5 22. b3 a3 23. Bf3 Bb2 24. R1c2 Rab8 25. Bxd5 Qd3 26. Ng4 Qxd2 27.
Rxd2 Rbc8 28. Rdc2 h5 29. Nh6+ Kg7 30. Nxf7 Kf6 31. f4 Rxc7 32. Rxc7 Bd3 33.
Nxd6 g5 34. g3 gxf4 35. gxf4 Rd8 36. Rc6 Ke7 37. Nc8+ Ke8 38. Nb6 Bb1 39. Re6+
Kf7 40. Rd6+ Ke7 41. Rxd8 Kxd8 42. b4 1-0

[Event "BL 0607 SV Wattenscheid - OSC Baden Bad"]
[Site "?"]
[Date "2006.10.29"]
[Round "2.1"]
[White "Anand, Viswanathan"]
[Black "Macieja, Bartlomiej"]
[Result "1-0"]
[WhiteElo "2779"]
[BlackElo "2622"]
[PlyCount "63"]
[EventDate "2006.??.??"]

1. e4 c6 2. d4 d5 3. Nc3 dxe4 4. Nxe4 Bf5 5. Ng3 Bg6 6. h4 h6 7. Nf3 Nd7 8. h5
Bh7 9. Bd3 Bxd3 10. Qxd3 e6 11. Bf4 Qa5+ 12. Bd2 Bb4 13. c3 Be7 14. c4 Qc7 15.
O-O-O Ngf6 16. Rde1 b5 17. c5 O-O 18. Ne2 Rfe8 19. g4 e5 20. Qf5 exd4 21. g5
hxg5 22. Bxg5 Nh7 23. Bf4 Qc8 24. Nexd4 Nxc5 25. Qc2 Bf8 26. Reg1 Re4 27. Be5
f6 28. h6 fxe5 29. hxg7 Be7 30. Nxe5 Bd6 31. f4 Bxe5 32. fxe5 1-0

[Event "BL 0607 SV Wattenscheid - OSC Baden Bad"]
[Site "?"]
[Date "2006.10.29"]
[Round "2.2"]
[White "Rustemov, Alexander"]
[Black "Svidler, Peter"]
[Result "1/2-1/2"]
[WhiteElo "2552"]
[BlackElo "2750"]
[PlyCount "89"]
[EventDate "2006.??.??"]

1. d4 Nf6 2. c4 g6 3. Nc3 d5 4. Nf3 Bg7 5. e3 O-O 6. b4 c6 7. c5 Nbd7 8. Bb2 e5
9. Be2 exd4 10. Nxd4 Ne5 11. O-O Re8 12. h3 Ne4 13. Nxe4 dxe4 14. Qc2 Qg5 15.
Kh2 Bd7 16. Rfd1 Rad8 17. Rd2 Qh4 18. Bf1 Bc8 19. Kg1 Rd5 20. Rad1 a6 21. Bc3
Nd3 22. Bxd3 exd3 23. Rxd3 a5 24. Nf3 Qc4 25. Rxd5 cxd5 26. Rc1 Bf5 27. Qb2
Bxc3 28. Rxc3 Qxb4 29. Qxb4 axb4 30. Rb3 Rc8 31. Rxb4 Rxc5 32. Nd4 Rc1+ 33. Kh2
Rb1 34. a3 Rxb4 35. axb4 Bd7 36. h4 f6 37. Kg3 Kf7 38. Kf4 h6 39. g4 g5+ 40.
Kg3 Kg6 41. f4 b6 42. Nf3 Ba4 43. Nd4 Bd7 44. Ne2 Kf7 45. Nd4 1/2-1/2

[Event "BL 0607 SV Wattenscheid - OSC Baden Bad"]
[Site "?"]
[Date "2006.10.29"]
[Round "2.5"]
[White "Movsesian, Sergei"]
[Black "Holzke, Frank Dr"]
[Result "1-0"]
[WhiteElo "2637"]
[BlackElo "2461"]
[PlyCount "79"]
[EventDate "2006.??.??"]

1. e4 e5 2. Nf3 Nc6 3. Bc4 Bc5 4. c3 Nf6 5. d3 d6 6. h3 a6 7. Bb3 Ba7 8. Nbd2
O-O 9. Qe2 Be6 10. Nf1 Ne7 11. Nh4 Bxb3 12. axb3 Ng6 13. Nf5 d5 14. Qf3 dxe4
15. dxe4 Nf4 16. Bxf4 exf4 17. Nd2 Nd7 18. Qxf4 Nc5 19. Qf3 Re8 20. b4 Nxe4 21.
Nxe4 Qd5 22. Nfg3 f5 23. Qh5 Rad8 24. Rd1 Qxd1+ 25. Qxd1 Rxd1+ 26. Kxd1 fxe4
27. Ke2 Bb6 28. Rd1 Re6 29. Rd8+ Kf7 30. Rd7+ Kg6 31. c4 c5 32. bxc5 Bxc5 33.
Rxb7 Bd4 34. b4 h5 35. c5 h4 36. Nf1 a5 37. bxa5 Bxc5 38. Rb5 Ba7 39. Ne3 Kf6
40. Nd5+ 1-0

[Event "BL 0607 SV Wattenscheid - OSC Baden Bad"]
[Site "?"]
[Date "2006.10.29"]
[Round "2.6"]
[White "Handke, Florian"]
[Black "Krasenkow, Michal"]
[Result "1/2-1/2"]
[WhiteElo "2459"]
[BlackElo "2647"]
[PlyCount "139"]
[EventDate "2006.??.??"]

1. e4 g6 2. d4 Bg7 3. Nf3 d6 4. c3 Nd7 5. Bd3 e6 6. O-O Ne7 7. Re1 b6 8. Nbd2
Bb7 9. h3 O-O 10. Nf1 h6 11. b4 e5 12. Ng3 exd4 13. cxd4 c5 14. Bf4 cxd4 15.
Bxd6 Nf6 16. Bf4 Rc8 17. Rc1 Rc3 18. Qd2 Qd7 19. Be5 Nc6 20. Bb5 Rxc1 21. Rxc1
a6 22. Bxc6 Bxc6 23. Bxd4 Ba8 24. Qb2 Qe6 25. Nh2 h5 26. Nf3 Re8 27. Rc7 h4 28.
Nxh4 Bxe4 29. Nxe4 Qxe4 30. Nf3 Nd5 31. Ra7 Bh6 32. Qb3 Bf4 33. g3 Be3 34. Qd1
Bxd4 35. Nxd4 Nxb4 36. Qb3 Nd5 37. Nf3 Rc8 38. Kg2 Rc3 39. Qd1 Rd3 40. Ra8+ Kg7
41. Re8 Rxd1 42. Rxe4 b5 43. Rd4 Rxd4 44. Nxd4 b4 45. Nc6 Kf6 46. h4 Ke6 47. g4
Kd6 48. Na5 Nc3 49. a3 bxa3 50. Nc4+ Ke6 51. Nxa3 a5 52. Kg3 Nd5 53. f3 a4 54.
Nc4 Kf6 55. Kf2 Nc7 56. Na3 Ke5 57. Kg3 Ne6 58. Nb5 Nf4 59. Na3 Nd5 60. Nb5 f5
61. Na3 Ne3 62. Kf2 Kf4 63. h5 gxh5 64. gxh5 Nd5 65. h6 Nf6 66. Ke2 Kg5 67. Kd3
Kxh6 68. Kc4 Kg5 69. Kb4 Kf4 70. Nc2 1/2-1/2

[Event "BL 0607 SV Wattenscheid - OSC Baden Bad"]
[Site "?"]
[Date "2006.10.29"]
[Round "2.7"]
[White "Dautov, Rustem"]
[Black "Dinstuhl, Volkmar Dr"]
[Result "1/2-1/2"]
[WhiteElo "2577"]
[BlackElo "2426"]
[PlyCount "33"]
[EventDate "2006.??.??"]

1. d4 Nf6 2. c4 e6 3. Nf3 b6 4. g3 Ba6 5. b3 b5 6. cxb5 Bxb5 7. Bg2 Bb4+ 8. Bd2
a5 9. O-O O-O 10. a3 Be7 11. Nc3 Ba6 12. Re1 d5 13. Qc2 Nbd7 14. e4 dxe4 15.
Nxe4 Nxe4 16. Qxe4 c5 17. Be3 1/2-1/2

[Event "BL 0607 SV Wattenscheid - OSC Baden Bad"]
[Site "?"]
[Date "2006.10.29"]
[Round "2.8"]
[White "Straeter, Timo"]
[Black "Schlosser, Philipp"]
[Result "0-1"]
[WhiteElo "2345"]
[BlackElo "2554"]
[PlyCount "82"]
[EventDate "2006.??.??"]

1. d4 Nf6 2. Nf3 d5 3. Bf4 c5 4. e3 Nc6 5. c3 Qb6 6. Qb3 c4 7. Qc2 Bf5 8. Qc1
e6 9. Nbd2 Nh5 10. Bg5 f6 11. Bh4 g5 12. Bg3 Bg6 13. Be2 Rc8 14. Bd1 Qd8 15.
Bc2 b5 16. O-O f5 17. b3 Nxg3 18. hxg3 g4 19. Nh4 Be7 20. bxc4 bxc4 21. Nxg6
hxg6 22. e4 Qa5 23. exd5 exd5 24. Bd1 Kf7 25. Be2 Bf6 26. Re1 Rh7 27. Rb1 Qc7
28. Nf1 Rch8 29. f3 Nxd4 30. Qd2 gxf3 31. Bxf3 Nxf3+ 32. gxf3 Rd8 33. Kg2 Rhh8
34. Rb5 Qc6 35. Reb1 Rd7 36. Ne3 d4 37. cxd4 Bxd4 38. Nxf5 Rh2+ 39. Kxh2 Bg1+
40. Kxg1 Rxd2 41. Rb7+ Kf6 0-1

[Event "BL 0607 Solinger SG - SC Bann"]
[Site "?"]
[Date "2006.10.29"]
[Round "2.1"]
[White "Laznicka, Viktor"]
[Black "Jussupow, Artur"]
[Result "1/2-1/2"]
[WhiteElo "2596"]
[BlackElo "2600"]
[PlyCount "56"]
[EventDate "2006.??.??"]

1. e4 e6 2. d4 d5 3. Nd2 c5 4. exd5 exd5 5. Ngf3 Nc6 6. Bb5 Bd6 7. dxc5 Bxc5 8.
O-O Nge7 9. Nb3 Bd6 10. Re1 O-O 11. Bg5 Qc7 12. h3 f6 13. Be3 Ne5 14. Nbd4 a6
15. Bf1 Bd7 16. c3 Kh8 17. Qc2 Rae8 18. Rad1 N7g6 19. Bc1 Bc5 20. Kh1 Ba7 21.
Re2 Nxf3 22. Nxf3 Rxe2 23. Qxe2 Bb5 24. Qe1 Re8 25. Qd2 Bxf1 26. Rxf1 Qc4 27.
Re1 Rxe1+ 28. Qxe1 Qe4 1/2-1/2

[Event "BL 0607 Solinger SG - SC Bann"]
[Site "?"]
[Date "2006.10.29"]
[Round "2.3"]
[White "Cvek, Robert"]
[Black "Stellwagen, Daniel"]
[Result "1/2-1/2"]
[WhiteElo "2512"]
[BlackElo "2576"]
[PlyCount "93"]
[EventDate "2006.??.??"]

1. e4 c5 2. Nf3 e6 3. b3 a6 4. Bb2 Nc6 5. d4 cxd4 6. Nxd4 Qf6 7. c3 Bc5 8. Be2
Nge7 9. O-O O-O 10. Ba3 Bxd4 11. cxd4 Qxd4 12. Nd2 b5 13. Rc1 b4 14. Rc4 Qb6
15. Bb2 d5 16. Rc1 dxe4 17. Nc4 Qa7 18. Qc2 Nd4 19. Qxe4 Nef5 20. Bxd4 Nxd4 21.
Bd3 g6 22. Ne5 Bb7 23. Qh4 Bd5 24. Ng4 f5 25. Nf6+ Kh8 26. Nxh7 Nf3+ 27. gxf3
Qxh7 28. Qf4 g5 29. Qg3 f4 30. Bxh7 fxg3 31. Be4 gxh2+ 32. Kxh2 Rac8 33. Kg3
Kg7 34. Rfd1 Bxe4 35. fxe4 Rc3+ 36. Rxc3 bxc3 37. Rc1 Rc8 38. f4 Kf6 39. Rc2
Rc7 40. Kg4 gxf4 41. Kxf4 Rc5 42. b4 Rc4 43. a3 a5 44. bxa5 e5+ 45. Ke3 Ra4 46.
Rxc3 Rxa5 47. Kf3 1/2-1/2

[Event "BL 0607 Solinger SG - SC Bann"]
[Site "?"]
[Date "2006.10.29"]
[Round "2.4"]
[White "Sandipan, Chanda"]
[Black "Jirovsky, Milos"]
[Result "1-0"]
[WhiteElo "2550"]
[BlackElo "2492"]
[PlyCount "107"]
[EventDate "2006.??.??"]

1. e4 c5 2. Nf3 Nc6 3. Bb5 g6 4. O-O Bg7 5. c3 Nf6 6. e5 Nd5 7. d4 cxd4 8. cxd4
O-O 9. Nc3 Nxc3 10. bxc3 d6 11. Re1 Bg4 12. exd6 Qxd6 13. h3 Bxf3 14. Qxf3 e6
15. Bf4 Qa3 16. Bxc6 bxc6 17. Qxc6 Rac8 18. Bd6 Rxc6 19. Bxa3 Rfc8 20. Bb4 Bf8
21. Rad1 Bxb4 22. cxb4 Rc2 23. a3 R8c3 24. Re3 Rxe3 25. fxe3 Rc3 26. e4 Rxa3
27. d5 exd5 28. exd5 Kf8 29. Rc1 Rd3 30. Rc8+ Kg7 31. Ra8 Rd4 32. Kf2 Rxb4 33.
Ke3 Kf6 34. Re8 Rb1 35. Kd4 Rb2 36. d6 Rd2+ 37. Kc5 h5 38. Kc6 Rc2+ 39. Kb7
Rb2+ 40. Kc7 Rc2+ 41. Kd8 Rxg2 42. d7 g5 43. Kc7 Rd2 44. Kc6 h4 45. d8=Q+ Rxd8
46. Rxd8 Ke5 47. Rd5+ Kf4 48. Kd6 f5 49. Rd4+ Kf3 50. Ke5 g4 51. Rd3+ Ke2 52.
Ra3 g3 53. Rxa7 g2 54. Rg7 1-0

[Event "BL 0607 Solinger SG - SC Bann"]
[Site "?"]
[Date "2006.10.29"]
[Round "2.5"]
[White "Slobodjan, Roman"]
[Black "Naumann, Alexander"]
[Result "1/2-1/2"]
[WhiteElo "2525"]
[BlackElo "2542"]
[PlyCount "43"]
[EventDate "2006.??.??"]

1. d4 Nf6 2. Nf3 e6 3. Bf4 b6 4. e3 Bb7 5. Nbd2 Be7 6. h3 O-O 7. Bd3 c5 8. c3
Ba6 9. Bxa6 Nxa6 10. Qe2 Qc8 11. O-O Qb7 12. a4 Rfc8 13. Rfd1 Nb8 14. Bg5 cxd4
15. exd4 d6 16. Nf1 Nd5 17. Ne3 Nxe3 18. Qxe3 Bf8 19. Qd3 Nd7 20. Bh4 h6 21.
Nd2 a6 22. c4 1/2-1/2

[Event "BL 0607 Solinger SG - SC Bann"]
[Site "?"]
[Date "2006.10.29"]
[Round "2.6"]
[White "Hoffmann, Michael"]
[Black "Muraniy, Karl-Jasmin"]
[Result "1-0"]
[WhiteElo "2477"]
[BlackElo "2357"]
[PlyCount "57"]
[EventDate "2006.??.??"]

1. e4 c6 2. c4 d6 3. d4 g6 4. Nc3 Bg7 5. Be3 a6 6. a4 Nf6 7. f3 Nbd7 8. Bd3 O-O
9. Nge2 e5 10. d5 a5 11. O-O cxd5 12. cxd5 b6 13. Rb1 Nc5 14. b4 axb4 15. Rxb4
Ba6 16. Bxa6 Rxa6 17. Bxc5 bxc5 18. Rb5 Ne8 19. Qd3 Ra7 20. Rfb1 f5 21. Rb7
fxe4 22. Qxe4 Rxb7 23. Rxb7 Qc8 24. Qb1 Nf6 25. h3 Bh6 26. a5 e4 27. f4 g5 28.
a6 gxf4 29. Nxe4 1-0

[Event "BL 0607 Solinger SG - SC Bann"]
[Site "?"]
[Date "2006.10.29"]
[Round "2.7"]
[White "Lazarev, Vladimir"]
[Black "Gabriel, Christian"]
[Result "1/2-1/2"]
[WhiteElo "2522"]
[BlackElo "2540"]
[PlyCount "29"]
[EventDate "2006.??.??"]

1. d4 d5 2. c4 c6 3. Nf3 Nf6 4. e3 Bf5 5. Nc3 e6 6. Nh4 Bg6 7. Nxg6 hxg6 8. g3
Nbd7 9. Bg2 dxc4 10. Qe2 Nb6 11. O-O Be7 12. Rd1 Nfd5 13. e4 Nxc3 14. bxc3 O-O
15. a4 1/2-1/2